[Event "Cto. Navarra por equipos - Division Hono"]
[Site "?"]
[Date "2017.11.11"]
[Round "5"]
[White "Ortega Lopez, Mikel"]
[Black "Forjan Jimenez, Pedro"]
[Result "1-0"]
[WhiteElo "2232"]
[BlackElo "2000"]

1.e4 b6 2.d4 Bb7 3.Bd3 e6 4.Qe2 Nf6 5.Nf3 Be7 6.e5 Nd5 7.Be4 Qc8 8.c4 Bb4 9.Kf1
Ne7 10.Bxb7 Qxb7 11.a3 Qa6 12.c5 b5 13.Ra2 Nd5 14.b3 Nc3 15.Nxc3 Bxc3 16.b4 Nc6
17.Be3 Ne7 18.Qc2 Nd5 19.Ng5 Qb7 20.Ne4 Bxb4 21.c6 dxc6 22.axb4 Nxb4 23.Qc5 Nd5
24.Bd2 b4 25.Ke2 a5 26.Rxa5 Rxa5 27.Qxa5 O-O 28.Nc5 1-0

[Event "Cto. Navarra por equipos - Division Hono"]
[Site "?"]
[Date "2017.11.11"]
[Round "5"]
[White "Lerendegui Lasa, Odei"]
[Black "Urriza Iricibar, Pablo"]
[Result "1-0"]
[WhiteElo "1975"]
[BlackElo "2217"]

1.e4 e6 2.d3 d5 3.Nd2 c5 4.g3 g6 5.Bg2 Bg7 6.Ngf3 Ne7 7.O-O O-O 8.Re1 Nbc6 9.c3
b6 10.Nf1 Ba6 11.e5 h6 12.h4 Kh7 13.N1h2 f6 14.exf6 Rxf6 15.Ng4 Rf8 16.h5 gxh5
17.Nxh6 Bxh6 18.Bxh6 Kxh6 19.Qd2 Kg7 20.Rxe6 Rf6 21.Rxf6 Kxf6 22.Qg5 Kf7 23.Qxh5
Ng6 24.Ng5 Kf6 25.Re1 Bc8 26.Bxd5 Bg4 27.Qxg4 Qxd5 28.Re6 Kg7 29.Nf3 Nce7
30.Rxe7 Kf6 31.Rd7 Qc6 32.Qg5 Ke6 33.Qxg6 1-0

[Event "Cto. Navarra por equipos - Division Hono"]
[Site "?"]
[Date "2017.11.11"]
[Round "5"]
[White "Soriano Ascaso, Ignacio"]
[Black "Pedchenko, Alex"]
[Result "1-0"]
[WhiteElo "2162"]
[BlackElo "1774"]

1.e4 d6 2.d4 Nf6 3.Bd3 g6 4.Nf3 Bg7 5.O-O O-O 6.c3 Nfd7 7.Bg5 a6 8.a4 b6 9.Nbd2
Bb7 10.Nc4 h6 11.Bh4 Qe8 12.e5 d5 13.Ne3 e6 14.Ng4 c5 15.Qd2 Kh7 16.Bf6 Rh8
17.b4 c4 18.Bc2 h5 19.Ng5 Kg8 20.Bxg7 Kxg7 21.Ne3 Qe7 22.f4 Kg8 23.Rae1 Nf8
24.Rf3 Nh7 25.Nxh7 Rxh7 26.Rg3 Rg7 27.f5 gxf5 28.Rxg7 Kxg7 29.Bxf5 Kf8 30.Rf1
Ke8 31.Bc2 Nc6 32.Bd1 Qg5 33.Nxc4 Qxd2 34.Nxd2 Nd8 35.Bxh5 Rc8 36.Rf3 Bc6 37.a5
bxa5 38.bxa5 Rc7 39.Nb3 Ba4 40.Nc5 Bd1 41.Rh3 Bxh5 42.Rxh5 Nc6 43.Rh8 Ke7 44.Ra8
Nxa5 45.h4 f6 46.Rxa6 Nc6 47.exf6 Kxf6 48.g4 Nd8 49.Ra8 Nb7 50.g5 Kf5 51.Rf8 Kg4
52.Nxe6 Re7 53.g6 Rxe6 54.g7 Rg6 55.g8=Q Rxg8 56.Rxg8 Kxh4 57.Kf2 Nd6 58.Ke3 1-0

[Event "Cto. Navarra por equipos - Division Hono"]
[Site "?"]
[Date "2017.11.11"]
[Round "5"]
[White "Salvatierra Alzorriz, Haizea"]
[Black "Mombiela Martinez, Gonzalo"]
[Result "0-1"]
[WhiteElo "1628"]
[BlackElo "2141"]

1.e4 d5 2.exd5 Nf6 3.d4 Bg4 4.Nf3 Qxd5 5.Be2 Nc6 6.c4 Qh5 7.Nc3 O-O-O 8.Be3 e5
9.d5 e4 10.Nd2 Bxe2 11.Qxe2 Qxe2 12.Nxe2 Nb4 13.O-O Nc2 14.Rac1 Nxe3 15.fxe3 Bc5
16.Nd4 c6 17.dxc6 Bxd4 18.cxb7 Kxb7 19.exd4 Rxd4 20.Nb3 Rdd8 21.Rf5 Rhe8 22.Rb5
Ka8 23.Nc5 Rd6 24.Ra5 e3 25.Na6 e2 26.Re1 Re7 27.Nc7 Rxc7 28.Rxe2 Rxc4 29.Re7
Rd7 30.Rae5 Rc1 31.Re1 Rxe1 32.Rxe1 Kb7 0-1

[Event "Cto. Navarra por equipos - Division Hono"]
[Site "?"]
[Date "2017.11.11"]
[Round "5"]
[White "Monje Peinado, Roberto"]
[Black "Dorregarai Iparraguirre, Leire"]
[Result "1-0"]
[WhiteElo "2051"]
[BlackElo "1631"]

1.d4 g6 2.c4 Bg7 3.Nc3 d6 4.Nf3 Nd7 5.g3 b6 6.Bg2 Bb7 7.O-O Ngf6 8.Qc2 O-O 9.e4
Re8 10.Rd1 Qc8 11.h3 e5 12.Be3 exd4 13.Nxd4 Nc5 14.f3 a6 15.b4 Ne6 16.Rab1 Nxd4
17.Bxd4 Qe6 18.Ne2 b5 19.Nf4 Qe7 20.Rbc1 bxc4 21.Qxc4 Rac8 22.h4 Nd7 23.Bxg7
Kxg7 24.Qd4 Qe5 25.Qa7 Qb5 26.Bh3 Ra8 27.Bxd7 Qxd7 28.Qxb7 Rec8 29.Qc6 Qxc6
30.Rxc6 a5 31.a3 axb4 32.axb4 Ra3 33.Kf2 Ra2 34.Ke3 Rb2 35.Nd3 Ra2 36.Rdc1 Ra7
37.Kd4 Kf8 38.b5 Ra4 39.R1c4 Rxc4 40.Kxc4 Ke7 41.b6 Kd7 42.Rxc7 Rxc7 43.bxc7
Kxc7 44.Kd5 Kd7 45.Nb2 Ke7 46.Nc4 1-0

[Event "Cto. Navarra por equipos - Division Hono"]
[Site "?"]
[Date "2017.11.11"]
[Round "5"]
[White "Solano Martinez, Imanol"]
[Black "Hernandorena De La Cruz, Egoi"]
[Result "0-1"]
[WhiteElo "1504"]
[BlackElo "2043"]

1.e4 e5 2.Bc4 Nf6 3.d3 Nc6 4.Nc3 Bb4 5.a3 Bxc3 6.bxc3 d5 7.exd5 Nxd5 8.Bxd5 Qxd5
9.Qf3 Qa5 10.Bd2 O-O 11.Qg3 f5 12.Nf3 Qa4 13.O-O Qxc2 14.Rfc1 Qxd3 15.Bh6 Qd7
16.Rd1 Qf7 17.Bg5 f4 18.Qh4 h6 19.Bxh6 gxh6 20.Qxh6 Bg4 21.Kh1 Qg7 22.Qh4 e4
23.Rd5 Rf5 24.Rxf5 Bxf5 25.Ng5 Rd8 26.Qxf4 Qxc3 27.Rg1 Qe5 28.Qh4 Kg7 29.Nh3 Rh8
30.Qg5 Bg6 31.Qe3 Qd4 32.Qxd4 Nxd4 33.Rd1 c5 34.Nf4 Kf6 35.Nd5 Ke5 36.Ne3 Rf8
37.Kg1 Bh5 38.g4 Be8 39.Kg2 b5 40.Rc1 Ne6 41.h4 Nf4 42.Kh2 Nd3 43.Rc2 Rxf2
44.Rxf2 Nxf2 45.Kg3 Nd3 46.Nc2 b4 47.axb4 cxb4 48.Na1 Nc1 49.h5 b3 50.Nxb3 Nxb3
51.Kh4 e3 52.Kg5 e2 53.h6 e1=Q 54.h7 Qe3 55.Kh4 Kf4 56.h8=N Qg3 0-1

[Event "Cto. Navarra por equipos - Division Hono"]
[Site "?"]
[Date "2017.11.11"]
[Round "5"]
[White "Cinza Lopez, Javier"]
[Black "Pedchenko, Serhiy"]
[Result "1-0"]
[WhiteElo "2010"]
[BlackElo "1466"]

1.g3 e5 2.Bg2 g6 3.c4 Bg7 4.Nc3 Ne7 5.e3 Nbc6 6.Nf3 O-O 7.O-O d6 8.h3 Rb8 9.d4
exd4 10.exd4 h6 11.g4 b6 12.Be3 Ba6 13.Qa4 Bb7 14.b4 a5 15.b5 Na7 16.Rac1 c5
17.Rfd1 Qc7 18.d5 g5 19.Qc2 Bc8 20.Bxg5 hxg5 21.Nxg5 Ng6 22.Re1 Qd8 23.Nce4 Bh6
24.f4 Bxg5 25.fxg5 f5 26.gxf6 Rxf6 27.Nxf6 Qxf6 28.Re8 Kf7 29.Rf1 Qxf1 30.Kxf1
Kxe8 31.Qxg6 Kd8 32.Qxd6 1-0

[Event "Cto. Navarra por equipos - Division Hono"]
[Site "?"]
[Date "2017.11.18"]
[Round "6"]
[White "Zamarbide Inarrea, Daniel"]
[Black "Garbisu de Goni, Unai"]
[Result "0-1"]
[WhiteElo "2178"]
[BlackElo "2411"]

1.d4 f5 2.c4 Nf6 3.Nc3 g6 4.h4 d6 5.h5 Nxh5 6.Rxh5 gxh5 7.e4 Qd7 8.Qxh5 Kd8
9.Nh3 Qe8 10.Qh4 Nc6 11.e5 Bg7 12.Bf4 Nxd4 13.O-O-O Bxe5 14.Bxe5 dxe5 15.f4 Bd7
16.fxe5 Ne6 17.Nd5 c6 18.Ndf4 Kc7 19.Nxe6 Bxe6 20.Nf4 Bg8 21.e6 Rd8 22.Bd3 Qf8
23.Qg3 Kc8 24.Qe3 Qf6 25.Re1 Qd4 26.Kc2 h5 27.g3 Qxe3 28.Rxe3 Rh6 29.Bxf5 Bh7
30.Re5 h4 31.Bxh7 Rxh7 32.gxh4 Rxh4 33.Ng6 Rh7 34.Rf5 Rg8 35.Nf4 Rh2 36.Kc3 Kd8
37.a4 Rf2 38.Kd3 Ke8 39.Ke3 Rxb2 40.Rh5 Rb3 41.Ke4 Rbg3 42.Rh7 R3g4 43.Kf5 R4g7
44.Rh4 Kd8 45.Rh2 Rf8 46.Ke4 Rg4 47.Rf2 b6 48.a5 bxa5 49.Ke5 Rgxf4 0-1

[Event "Cto. Navarra por equipos - Division Hono"]
[Site "?"]
[Date "2017.11.18"]
[Round "6"]
[White "Ortega Lopez, Mikel"]
[Black "Cortes Bueno, Jesus Javier"]
[Result "1-0"]
[WhiteElo "2232"]
[BlackElo "2191"]

1.e4 c5 2.Nf3 d6 3.d4 cxd4 4.Nxd4 Nf6 5.f3 Nc6 6.Nc3 e5 7.Nb3 Be6 8.Nd5 Bxd5
9.exd5 Nb4 10.Bb5 Nd7 11.Be3 a5 12.c3 Na6 13.Nd2 Be7 14.Nc4 O-O 15.Bxd7 Qxd7
16.Nb6 Qb5 17.Nxa8 Rxa8 18.Qb3 Qd3 19.Kf2 Nc5 20.Bxc5 Qd2 21.Kf1 dxc5 22.Rd1 a4
23.Qxa4 Rxa4 24.Rxd2 Rxa2 25.d6 Bd8 26.Ke2 f6 27.b4 Ra3 28.bxc5 Rxc3 29.Rb1 Rxc5
30.Rxb7 Kf8 31.Rd7 Rc8 32.Rd5 Bb6 33.Kd3 h6 34.Rb5 Rc6 35.Ke4 1-0

[Event "Cto. Navarra por equipos - Division Hono"]
[Site "?"]
[Date "2017.11.18"]
[Round "6"]
[White "Vila Dupla, Aurelio"]
[Black "Rada Equiza, Miguel"]
[Result "1-0"]
[WhiteElo "2139"]
[BlackElo "2270"]

1.Nf3 f5 2.c4 Nf6 3.g3 g6 4.Bg2 Bg7 5.O-O O-O 6.Nc3 d6 7.d4 Nc6 8.d5 Ne5 9.Nxe5
dxe5 10.Qb3 h6 11.Rd1 Kh8 12.Bd2 g5 13.Rac1 a6 14.c5 Qe8 15.d6 exd6 16.cxd6 cxd6
17.Nd5 Nxd5 18.Bxd5 f4 19.Rc7 Rb8 20.Ba5 Qh5 21.Bf3 g4 22.Be4 Bf5 23.Bxb7 f3
24.exf3 gxf3 25.Qc4 e4 26.Bc3 Rg8 27.Rxg7 Rxg7 28.Bxe4 Rf8 29.Rxd6 Bxe4 30.Qd4
Rff7 31.Qxe4 Kg8 32.Rd8 Rf8 33.Rxf8 Kxf8 34.Qa8 1-0

[Event "Cto. Navarra por equipos - Division Hono"]
[Site "?"]
[Date "2017.11.18"]
[Round "6"]
[White "Urriza Iricibar, Pablo"]
[Black "Ugalde Ezcurra, Jose Miguel"]
[Result "1-0"]
[WhiteElo "2217"]
[BlackElo "2119"]

1.e4 e6 2.b3 d5 3.Bb2 Nf6 4.e5 Nfd7 5.f4 c5 6.Nf3 Nc6 7.Be2 Be7 8.O-O O-O 9.Kh1
f6 10.Bb5 fxe5 11.Bxc6 bxc6 12.Nxe5 Nxe5 13.Bxe5 Bf6 14.Nc3 Ba6 15.d3 Bxe5
16.fxe5 Qa5 17.Na4 Rxf1 18.Qxf1 c4 19.dxc4 dxc4 20.Qe1 Qxe1 21.Rxe1 cxb3 22.axb3
Rd8 23.c4 Kf7 24.Nc5 Bc8 25.Kg1 Kg6 26.Ne4 Rd3 27.Nd6 Bd7 28.b4 Ra3 29.Rf1 a5
30.Rf7 axb4 31.Rxd7 Re3 32.Rc7 b3 33.Rb7 Rxe5 34.Rxb3 Rc5 35.Kf2 1-0

[Event "Cto. Navarra por equipos - Division Hono"]
[Site "?"]
[Date "2017.11.18"]
[Round "6"]
[White "Unanua Garcia, Pedro"]
[Black "Navarrete Delgado, Sergio"]
[Result "0-1"]
[WhiteElo "2105"]
[BlackElo "2217"]

1.d4 Nf6 2.Bf4 g6 3.Nf3 Bg7 4.e3 O-O 5.h3 c5 6.c3 cxd4 7.exd4 d6 8.Be2 Nc6 9.O-O
Nd5 10.Bg5 h6 11.Bh4 Nf4 12.Bc4 Qc7 13.Nbd2 a6 14.Re1 b5 15.Bf1 Bf5 16.Ne4 Rfe8
17.Qd2 g5 18.g4 Bxe4 19.Rxe4 d5 20.Rxf4 Qxf4 21.Qxf4 gxf4 22.Re1 e5 23.dxe5 Nxe5
24.Nxe5 Rxe5 25.f3 b4 26.Rd1 bxc3 27.bxc3 Re3 28.c4 d4 29.Bf2 Ra3 30.Rd2 Rc8
31.Kg2 Be5 32.h4 Bf6 33.Be2 Rd8 34.Bd3 Be7 35.Bb1 d3 0-1

[Event "Cto. Navarra por equipos - Division Hono"]
[Site "?"]
[Date "2017.11.18"]
[Round "6"]
[White "Jimenez Martin, Gustavo"]
[Black "Vinal Gutierrez, Pedro"]
[Result "1-0"]
[WhiteElo "2143"]
[BlackElo "2041"]

1.f4 d5 2.Nf3 Nf6 3.g3 e6 4.Bg2 Be7 5.O-O b6 6.d3 Bb7 7.Qe1 O-O 8.Nc3 c5 9.e4 d4
10.Nd1 Nc6 11.Nf2 Nd7 12.g4 f6 13.Bd2 g5 14.h4 gxf4 15.Bxf4 Nde5 16.Qe2 Nxf3
17.Qxf3 Ne5 18.Qg3 Ng6 19.Nh3 Nxf4 20.Nxf4 Qd7 21.g5 fxg5 22.Bh3 Rxf4 23.Rxf4
Kh8 24.Rf7 1-0

[Event "Cto. Navarra por equipos - Division Hono"]
[Site "?"]
[Date "2017.11.18"]
[Round "6"]
[White "Garjon Modrego, Miguel"]
[Black "Monje Peinado, Roberto"]
[Result "1/2-1/2"]
[WhiteElo "1895"]
[BlackElo "2051"]

1.d4 f5 2.Nf3 Nf6 3.h3 d5 4.Bf4 e6 5.Nbd2 Bd6 6.Be5 O-O 7.e3 Ne4 8.c4 c6 9.c5
Bxe5 10.Nxe5 Nd7 11.Nxd7 Bxd7 12.a3 b6 13.cxb6 Qxb6 14.Qc2 a5 15.Bd3 Rab8
16.Bxe4 fxe4 17.b3 Rfc8 18.O-O c5 19.dxc5 Qxc5 1/2-1/2

[Event "Cto. Navarra por equipos - Division Hono"]
[Site "?"]
[Date "2017.11.18"]
[Round "6"]
[White "Cinza Lopez, Javier"]
[Black "Aguinaga Ruiz, Jesus Luis"]
[Result "0-1"]
[WhiteElo "2010"]
[BlackElo "1894"]

1.d4 d6 2.e4 Nf6 3.Nc3 c6 4.f4 Qa5 5.Bd3 e5 6.Nf3 exd4 7.Nxd4 g6 8.h3 Bg7 9.Be3
O-O 10.O-O Nbd7 11.g4 Nc5 12.Nb3 Nxb3 13.axb3 Qc7 14.f5 d5 15.Qf3 dxe4 16.Nxe4
Nxe4 17.Bxe4 Re8 18.Bf4 Qb6 19.Kh1 Bd7 20.Rad1 Qb4 21.c4 Qe7 22.Bb1 Rad8 23.Bg3
Qe2 24.f6 Qxf3 25.Rxf3 Bxg4 26.hxg4 Rxd1 27.Kg2 Rxb1 28.fxg7 Rxb2 29.Kh3 Kxg7
30.Bh4 Rbe2 31.Bf6 Kg8 32.Bd4 b6 33.Kh4 h6 34.c5 b5 35.Rf6 R8e6 36.Rf3 R2e4
37.Bf6 h5 38.Kg5 Rxg4 39.Kh6 Rge4 40.Rd3 Re8 41.Rd7 a5 42.Rc7 R4e6 43.Bc3 a4
44.bxa4 bxa4 45.Ra7 Re4 46.Bb2 Rc4 47.Ra6 Rxc5 48.Rxa4 h4 49.Be5 Rcxe5 0-1

[Event "Cto. Navarra por equipos - Division Hono"]
[Site "?"]
[Date "2017.11.18"]
[Round "6"]
[White "Burguete Archel, Eduardo"]
[Black "Perez Reclusa, Jesus Miguel"]
[Result "1-0"]
[WhiteElo "2207"]
[BlackElo "2160"]

1.d4 g6 2.c4 Bg7 3.Nc3 d6 4.Nf3 Bg4 5.g3 Nc6 6.d5 Bxf3 7.exf3 Nd4 8.Bg2 c5 9.O-O
Nh6 10.Re1 O-O 11.Bg5 f6 12.Bxh6 Bxh6 13.Ne2 Nf5 14.Bh3 a6 15.Bxf5 gxf5 16.f4
Rf7 17.Qd3 Qd7 18.Nc3 Rg7 19.Kh1 b5 20.cxb5 c4 21.Qxc4 axb5 22.Qxb5 Qa7 23.Re2
Kh8 24.Qd3 Qd7 25.Re6 Rb8 26.Rb1 Qa7 27.Re2 Qd7 28.b4 Qc8 29.Rc2 e5 30.dxe6 Qxe6
31.Nd5 Ra7 32.Rbc1 Rba8 33.Nc7 1-0

[Event "Cto. Navarra por equipos - Division Hono"]
[Site "?"]
[Date "2017.11.18"]
[Round "6"]
[White "Martinez Ayesa, Aitor"]
[Black "Argandona Salinas, Gorka"]
[Result "0-1"]
[WhiteElo "2045"]
[BlackElo "2090"]

1.Nf3 f5 2.c4 e6 3.g3 c6 4.Bg2 d5 5.O-O Nf6 6.b3 Be7 7.Ba3 O-O 8.d3 Bxa3 9.Nxa3
Qe7 10.Nc2 e5 11.b4 Nbd7 12.Qb1 dxc4 13.dxc4 Nb6 14.Qb3 e4 15.Nd2 Be6 16.a4 Rad8
17.Rad1 Rxd2 18.Rxd2 Nxc4 19.Rdd1 Nd2 20.Qb2 Nxf1 21.Bxf1 Nd5 22.Qd4 a6 23.b5
axb5 24.axb5 c5 25.Qe5 Rd8 26.Ne3 Qd6 27.Qb2 Qc7 28.b6 Nxb6 29.Rxd8 Qxd8 30.Qe5
Qc8 31.g4 fxg4 32.Bg2 Nc4 33.Nxc4 Bxc4 34.Bxe4 g6 35.Qe7 b5 36.Bb7 Qf8 37.Qe5 b4
38.Bd5 Bxd5 39.Qxd5 Kg7 40.Qe5 Kf7 41.Qd5 Ke8 42.Qc6 Kd8 43.Qb6 Kd7 44.Qb5 Kd6
45.Qa6 Ke5 46.Qd3 Qd6 47.Qg3 Kd5 48.Qd3 Ke6 49.Qe4 Kf7 50.Qxg4 Qc7 51.Qc4 Kg7
52.Qe6 c4 53.e4 c3 54.e5 h5 55.Qf6 Kh7 0-1

[Event "Cto. Navarra por equipos - Division Hono"]
[Site "?"]
[Date "2017.11.18"]
[Round "6"]
[White "Leranoz Zabalza, Adrian"]
[Black "Lerendegui Lasa, Odei"]
[Result "1-0"]
[WhiteElo "2067"]
[BlackElo "1975"]

1.Nc3 e5 2.Nf3 d6 3.d4 Nd7 4.e4 h6 5.Bc4 Ngf6 6.Be3 Be7 7.h3 O-O 8.Qe2 c6 9.a4
Qc7 10.Bb3 Kh8 11.O-O a6 12.a5 c5 13.dxe5 dxe5 14.Rfd1 Nb8 15.Nd5 Nxd5 16.Bxd5
Bd7 17.Qc4 Bb5 18.Qc3 Nd7 19.Qd2 Nf6 20.c4 Nxd5 21.exd5 Qd6 22.cxb5 axb5 23.Qc3
e4 24.Nd2 f5 25.Nb3 Rfc8 26.Rac1 c4 27.Nd4 Qxd5 28.Ne2 Qc6 29.Bd4 Kh7 30.Qg3 Rg8
31.Qe5 Qf6 32.Qxb5 Qf7 33.Qxc4 Qxc4 34.Rxc4 Rgc8 35.Rxc8 Rxc8 36.Bc3 Rc7 37.Nf4
Bf6 38.Nd5 Rf7 39.Bxf6 gxf6 40.Rc1 1-0

[Event "Cto. Navarra por equipos - Division Hono"]
[Site "?"]
[Date "2017.11.18"]
[Round "6"]
[White "Mancha Otano, Aritz"]
[Black "Ojer Lora, Iker"]
[Result "0-1"]
[WhiteElo "1965"]
[BlackElo "2084"]

1.d4 d6 2.e4 Nf6 3.Nc3 g6 4.f4 Bg4 5.Be2 Qd7 6.Nf3 e6 7.O-O Bg7 8.Be3 c6 9.Qe1
Na6 10.e5 Nd5 11.Nxd5 exd5 12.Bxa6 bxa6 13.Qa5 Rb8 14.Qa3 Bxf3 15.Rxf3 O-O 16.b3
dxe5 17.fxe5 Qb7 18.Raf1 Rbe8 19.c3 Re6 20.Bg5 h5 21.Qc1 c5 22.Bf6 cxd4 23.cxd4
Qb6 24.Qf4 Kh7 25.Bxg7 Kxg7 26.h4 f6 27.Qd2 Rxe5 28.Rc3 Re4 29.Rc5 Rxh4 30.Rxd5
Qc7 31.Rf3 Re8 32.Rxf6 Qh2 33.Kf2 Kxf6 34.Qg5 Ke6 35.Re5 Kf7 36.Rxe8 Kxe8
37.Qxg6 Ke7 38.Qg5 Ke6 39.Qg8 Kd6 40.Qd8 Kc6 41.Qa8 Kd7 42.Qd5 Qd6 43.Qb7 Ke8
44.Qc8 Kf7 45.Qb7 Kg6 46.d5 Qb6 0-1

[Event "Cto. Navarra por equipos - Division Hono"]
[Site "?"]
[Date "2017.11.18"]
[Round "6"]
[White "Larrea Reta, Javier"]
[Black "Pedchenko, Alex"]
[Result "1/2-1/2"]
[WhiteElo "1853"]
[BlackElo "1774"]

1.e4 d6 2.d4 Nf6 3.Nc3 g6 4.Nf3 Bg7 5.Bc4 O-O 6.O-O Bg4 7.h3 Bxf3 8.Qxf3 Nc6
9.Be3 Nd7 10.Rad1 e5 11.d5 Ne7 12.Bg5 h6 13.Bxe7 Qxe7 14.Bd3 a6 15.a3 Qg5 16.Qg4
Qxg4 17.hxg4 Nf6 18.Be2 Nd7 19.g3 Rae8 20.Kg2 Nc5 1/2-1/2

[Event "Cto. Navarra por equipos - Division Hono"]
[Site "?"]
[Date "2017.11.18"]
[Round "6"]
[White "Razkin Fraile, Miguel Angel"]
[Black "Saenz Mur, Inigo"]
[Result "1/2-1/2"]
[WhiteElo "1703"]
[BlackElo "1832"]

1.e4 e6 2.d4 d5 3.exd5 exd5 4.Bd3 Nf6 5.Nf3 Bd6 6.O-O O-O 7.Bg5 Bg4 8.Nbd2 Re8
9.Re1 Nbd7 10.c3 Rxe1 11.Qxe1 c5 12.Ne5 Qe7 13.f4 cxd4 14.cxd4 Bh5 15.Qh4 Bg6
16.f5 Nxe5 17.dxe5 Bc5 18.Kh1 Qxe5 19.Bxf6 gxf6 20.fxg6 hxg6 21.Nb3 Bb6 22.Rf1
Kg7 23.Re1 Qd6 24.g3 Bf2 25.Rf1 Rh8 26.Qxh8 Kxh8 27.Rxf2 Qe5 1/2-1/2

[Event "Cto. Navarra por equipos - Division Hono"]
[Site "?"]
[Date "2017.11.18"]
[Round "6"]
[White "Gonzalez Etayo, Oihana"]
[Black "Dorregarai Iparraguirre, Leire"]
[Result "1/2-1/2"]
[WhiteElo "1805"]
[BlackElo "1631"]

1.d4 g6 2.c4 Bg7 3.Nc3 d6 4.e4 Nf6 5.f3 Nbd7 6.Be3 b6 7.Qd2 c5 8.Nge2 Ba6 9.Nb5
Bxb5 10.cxb5 O-O 11.Bh6 Rc8 12.Bxg7 Kxg7 13.d5 Qe8 14.Nc3 Nb8 15.Be2 Qd7
16.O-O-O Qb7 17.h4 h5 18.g4 hxg4 19.fxg4 Qd7 20.h5 Rh8 21.Rdg1 a6 22.bxa6 c4
23.Qd4 g5 24.Bxc4 Kh6 25.Kb1 Rc5 26.Rf1 Qd8 27.b4 Rc8 28.Bb5 Nbd7 29.Bxd7 Nxd7
30.Rxf7 Ne5 31.Rf5 Rc4 32.Qd2 Rxb4 33.Ka1 Rg8 34.Rb1 Rxb1 35.Kxb1 Qc8 36.a7 Qa6
37.Rxe5 dxe5 38.d6 Qxa7 39.Qd5 Rf8 40.d7 Qc7 41.Kb2 Qd6 42.Kb3 Rd8 43.Qf7 Rxd7
44.Qf8 Kh7 45.Qf7 Kh6 46.Qf8 1/2-1/2

[Event "Cto. Navarra por equipos - Division Hono"]
[Site "?"]
[Date "2017.11.18"]
[Round "6"]
[White "Pedchenko, Serhiy"]
[Black "Gastesi Urroz, Mikel"]
[Result "0-1"]
[WhiteElo "1466"]
[BlackElo "1701"]

1.e4 d6 2.c4 Nf6 3.Nc3 e5 4.g3 Nbd7 5.Bg2 Be7 6.Nge2 c6 7.d3 Qc7 8.O-O h6 9.Be3
Ng4 10.Bd2 Nc5 11.h3 Nf6 12.Be3 Ne6 13.a3 Ng5 14.g4 Ne6 15.Ng3 Nf4 16.Bxf4 exf4
17.Nf5 Bxf5 18.exf5 g6 19.fxg6 fxg6 20.Qf3 g5 21.b4 O-O-O 22.b5 c5 23.a4 d5
24.cxd5 h5 25.a5 hxg4 26.hxg4 Nxd5 27.Nxd5 Rxd5 28.Qxd5 f3 29.Rfc1 Qh2 30.Kf1
Qh1 0-1

[Event "Cto. Navarra por equipos - Division Hono"]
[Site "?"]
[Date "2017.11.18"]
[Round "6"]
[White "Reinaldo Castineira, Roi"]
[Black "Huerga Leache, Mikel"]
[Result "1/2-1/2"]
[WhiteElo "2496"]
[BlackElo "2449"]

1.c4 e5 2.g3 Nf6 3.Bg2 c6 4.d4 Bb4 5.Bd2 Bxd2 6.Qxd2 d6 7.e3 O-O 8.Ne2 Na6 9.O-O
Be6 10.Rd1 Qc8 11.b3 Bh3 12.Nbc3 Bxg2 13.Kxg2 e4 14.d5 Rd8 15.dxc6 bxc6 16.Nd4
1/2-1/2

[Event "Cto. Navarra por equipos - Division Hono"]
[Site "?"]
[Date "2017.11.18"]
[Round "6"]
[White "Estefano Rilova, Fernando"]
[Black "Bayo Milagro, Alvaro"]
[Result "0-1"]
[WhiteElo "2035"]
[BlackElo "2278"]

1.e4 e6 2.d4 d5 3.Nc3 Nf6 4.Bg5 Bb4 5.e5 h6 6.Bd2 Bxc3 7.bxc3 Ne4 8.Bd3 Nxd2
9.Qxd2 c5 10.Nf3 Nc6 11.O-O Qa5 12.Rfd1 b6 13.Rab1 Ba6 14.Rb2 O-O 15.Qe3 Bxd3
16.Qxd3 Qa3 17.Qb5 Na5 18.Rdb1 Qxc3 19.dxc5 bxc5 20.Qe2 Nc4 21.Rb3 Qa5 22.a3 Qc7
23.Rb7 Qc6 24.g4 Nb6 25.Qa6 Qa4 26.Qxa4 Nxa4 27.R1b5 a6 28.Ra5 Nc3 29.Rxc5 Rfc8
30.Rxc8 Rxc8 31.Ra7 Ne2 32.Kg2 Rc6 33.Ne1 g5 34.Kf3 Nc3 35.Nd3 Nb5 36.Ra8 Kg7
37.Nb4 Rc3 38.Kg2 Nxa3 39.Rxa6 Nxc2 40.Rc6 Rxc6 41.Nxc6 Ne1 42.Kg3 Nd3 43.f3 Kf8
44.h4 Ke8 45.hxg5 hxg5 46.Nd4 Nxe5 47.f4 gxf4 48.Kxf4 Nd7 49.Nc6 Kf8 50.g5 Kg7
51.Ne7 Nf8 52.Nc6 Ng6 53.Kg4 Kf8 54.Kf3 Ke8 55.Nd4 Kd7 56.Ke3 Kd6 57.Nf3 e5
58.Nh2 Nf4 59.Nf3 Nh3 60.Nh4 Nxg5 0-1

[Event "Cto. Navarra por equipos - Division Hono"]
[Site "?"]
[Date "2017.11.18"]
[Round "6"]
[White "Sanchez Carayol, Jesus Carlos"]
[Black "Idiazabal Troyas, Aritz"]
[Result "1-0"]
[WhiteElo "2082"]
[BlackElo "2015"]

1.e4 c5 2.Nf3 Nc6 3.d4 cxd4 4.c3 dxc3 5.Nxc3 d6 6.Bc4 a6 7.O-O Nf6 8.h3 e6 9.Qe2
Be7 10.Rd1 Qc7 11.Bf4 Ne5 12.Bb3 O-O 13.Rac1 Qa5 14.Nxe5 dxe5 15.Bd2 Bd7 16.Nd5
Qd8 17.Nxe7 Qxe7 18.a3 Rfc8 19.Bb4 Qe8 20.Bd6 Rxc1 21.Rxc1 Bc6 22.Bxe5 Qe7
23.Bc2 Rd8 24.Qe3 Nd7 25.Bc3 Qh4 26.Rd1 Nf8 27.Rxd8 Qxd8 28.Qg3 Ng6 29.Qe3 Qd6
30.g3 h6 31.h4 f5 32.exf5 exf5 33.Bxf5 Qd1 34.Qe1 Qxe1 35.Bxe1 Ne5 36.f4 Nf3
37.Kf2 Nd4 38.Bd3 Kf7 39.Bc3 Ne6 40.f5 Nc7 41.Be5 Ne8 42.Bc4 Ke7 43.Ke3 Bd7
44.Kf4 Bc6 45.g4 Nf6 46.b4 Bh1 47.g5 Nd5 48.Bxd5 Bxd5 49.Bxg7 hxg5 50.hxg5 Kf7
51.Bd4 Bb3 52.g6 Kg8 53.f6 Bc2 54.f7 Kf8 55.Bc5 1-0

[Event "Cto. Navarra por equipos - Division Hono"]
[Site "?"]
[Date "2017.11.18"]
[Round "6"]
[White "Garralda Ruiz, Ander"]
[Black "Zamarbide Inarrea, Borja"]
[Result "0-1"]
[WhiteElo "1954"]
[BlackElo "2048"]

1.e4 c5 2.Nf3 g6 3.d4 Bg7 4.c4 Qa5 5.Nc3 d6 6.Be3 Bg4 7.Qb3 Bxf3 8.Qxb7 cxd4
9.Qxa8 Qb4 10.a3 Qb6 11.c5 dxc5 12.Nd5 Bxe4 13.Nxb6 Bxa8 14.Nxa8 dxe3 15.O-O-O
Bd4 16.Nc7 Kf8 17.fxe3 Bxe3 18.Kb1 Nc6 19.Bb5 Nd4 20.Rhf1 Nf6 21.Bc4 Kg7 22.Rde1
Rc8 23.Nb5 Nxb5 24.Bxb5 Bd4 25.Bc4 e5 26.g4 h6 27.h4 Rc7 28.Be2 Rb7 29.a4 Rxb2
30.Kc1 Rb4 31.a5 c4 32.Rf3 e4 33.Ra3 Bb2 0-1

[Event "Cto. Navarra por equipos - Division Hono"]
[Site "?"]
[Date "2017.11.18"]
[Round "6"]
[White "Lopez Orois, Jose Manuel"]
[Black "Huarte Zozaya, Aitor"]
[Result "1-0"]
[WhiteElo "2036"]
[BlackElo "1867"]

1.e4 e6 2.d4 d5 3.Nc3 Bb4 4.e5 c5 5.a3 Ba5 6.b4 cxd4 7.Qg4 Kf8 8.Nb5 Bc7 9.Nxc7
Qxc7 10.Qxd4 Qxc2 11.Bd3 Nc6 12.Bxc2 Nxd4 13.Ba4 f6 14.f4 Kf7 15.Be3 Nf5 16.Bf2
Nge7 17.Nf3 h5 18.Rc1 b6 19.Rc7 Ba6 20.b5 Rhc8 21.Rxe7 Kxe7 22.bxa6 Rc1 23.Bd1
Rac8 24.O-O Ra1 25.Nd4 Nxd4 26.Bxd4 Rxa3 27.Bxh5 Rxa6 28.f5 Ra4 29.exf6 gxf6
30.Bf2 Ra2 31.fxe6 Rcc2 32.Bf3 Kxe6 33.Re1 Kd6 34.Bd4 f5 35.h4 Rc4 36.Bf6 d4
37.h5 d3 38.h6 d2 39.Rd1 Rc7 40.Bg7 Rc1 41.h7 Rc8 42.h8=Q Rxh8 43.Bxh8 Rc2
44.Kf2 b5 45.Ke2 b4 46.Rxd2 Rxd2 47.Kxd2 a5 48.Kd3 1-0

[Event "Cto. Navarra por equipos - Division Hono"]
[Site "?"]
[Date "2017.11.18"]
[Round "6"]
[White "Malon Insausti, Andres"]
[Black "Argaya Urdaniz, Miguel"]
[Result "0-1"]
[WhiteElo "1795"]
[BlackElo "1923"]

1.Nf3 Nf6 2.c4 g6 3.b4 Bg7 4.Bb2 O-O 5.g3 d5 6.cxd5 Nxd5 7.Bxg7 Kxg7 8.Qb3 c6
9.a3 Kg8 10.Bg2 a5 11.b5 a4 12.Qc4 Qb6 13.O-O Be6 14.Ng5 Qxb5 15.Qxb5 cxb5
16.Nxe6 fxe6 17.Bxd5 exd5 18.Nc3 Nc6 19.Nxb5 Rfc8 20.Rab1 Ne5 21.Rfc1 Rxc1
22.Rxc1 Ra5 23.Rc5 Nc4 24.Rxd5 Kg7 25.Nc3 Rxd5 26.Nxd5 b5 27.d3 Nxa3 28.Nc3 Nc2
29.Nxb5 a3 30.Nxa3 Nxa3 31.Kf1 Kf6 32.h3 Nb5 33.e3 e5 34.Ke2 g5 35.Kf3 h5 36.Kg2
Nc3 37.Kf1 Kf5 38.Ke1 g4 39.h4 e4 40.d4 Ke6 41.Kd2 Na4 42.Kc2 Kd5 43.Kb3 Nb6
44.Kb4 Nc4 45.Kc3 Nd6 46.Kc2 Kc4 47.Kd2 Kb3 48.Kd1 Kc3 49.Ke2 Kc2 50.Ke1 Kd3
51.Kd1 Nb5 52.Ke1 Nc3 53.Kf1 Kd2 54.Kg2 Ke2 55.Kg1 Nd5 56.Kg2 Nb4 57.Kg1 Nd3
58.Kg2 Ne1 59.Kh1 Nf3 60.Kg2 Ke1 61.d5 Ne5 62.d6 Ke2 63.Kg1 Kd3 64.Kf1 Kc4
65.Ke2 Kd5 66.Kd2 Kxd6 0-1